000 00445nam a22001697a 4500
003 MPLRDC
005 20220104143307.0
008 210129b ||||| |||| 00| 0 eng d
082 _a524.961 ZZC v.1 1984
100 _a张钟常编
245 _a中学古文语译. 初中适用. 上册
_c
250 _a初版
260 _a
_b柔登贸易公司
_c1984
300 _b
650 _a中等教育--华文
942 _cBK
_o524.961 ZZC v.1 1984
999 _c38498
_d38488